Statistics for Eurovision Winners

Click here to take the quiz!

General Stats

  • This quiz has been taken 58 times
  • The average score is 24 of 59

Answer Stats

HintAnswer% Correct
2010Lena
81%
1974ABBA
73%
2006Lordi
71%
2014Conchita Wurst
69%
1970Dana
69%
2012Loreen
69%
2009Alexander Rybak
67%
1998Dana International
63%
1987Johnny Logan
63%
1980Johnny Logan
63%
2004Ruslana
62%
1988Celine Dion
58%
1956Lys Assia
58%
2011Ell/Nikki
56%
1969Salomé, Lulu, Lenny Kuhr, Frida Boccara
56%
1976Brotherhood of Man
54%
2008Dima Bilan
54%
2005Helena Paparizou
52%
2000Olsen Brothers
52%
1991Carola
50%
1986Sandra Kim
50%
1982Nicole
48%
1981Bucks Fizz
46%
1997Katrina and the Waves
44%
1992Linda Martin
42%
2002Marie N
42%
2013Emmelie de Forest
40%
1995Secret Garden
40%
1968Massiel
38%
1989Riva
38%
1967Sandie Shaw
38%
1985Bobbysocks!
37%
1999Charlotte Nilsson
37%
1965France Gall
37%
1993Niamh Kavanagh
37%
2003Sertab Erener
37%
1973Anne-Marie David
35%
1984Herreys
35%
2007Marija Šerifović
35%
1977Marie Myriam
33%
1971Séverine
31%
1975Teach-In
29%
1972Vicky Leandros
29%
2001Tanel Padar, Dave Benton, 2XL
27%
1966Udo Jürgens
27%
1957Corry Brokken
23%
1979Gali Atari and Milk and Honey
23%
1990Toto Cutugno
23%
1960Jacqueline Boyer
21%
1994Paul Harrington, Charlie McGettigan
21%
1983Corinne Hermès
19%
1961Jean-Claude Pascal
19%
1959Teddy Scholten
19%
1958André Claveau
17%
1978Izhar Cohen and the Alphabeta
17%
1962Isabelle Aubret
15%
1996Eimear Quinn
13%
1964Gigliola Cinquetti
13%
1963Grethe, Jørgen Ingmann
12%

Score Distribution

Percentile by Number Answered

Percent of People with Each Score

Your Score History

You have not taken this quiz